Dolgozói elégedettség az irodai környezetben

Bibliográfiai részletek
Szerző: Szalay Kármen
További közreműködők: Vágány Dr. Judit Bernadett
Dokumentumtípus: Diplomadolgozat
Kulcsszavak:dolgozók elégedettségi vizsgálata
generációs különbségek
interjúk
irodai környezet
kérdőíves felmérés
Online Access:http://dolgozattar.uni-bge.hu/60071

MARC

LEADER 00000nta a2200000 i 4500
001 dolg60071
005 20260409145939.0
008 260409suuuu hu om 000 hun d
040 |a BGE Dolgozattár Repozitórium  |b hun 
041 |a hu 
100 1 |a Szalay Kármen 
245 1 0 |a Dolgozói elégedettség az irodai környezetben  |c Szalay Kármen  |h [elektronikus dokumentum] 
520 3 |a A dolgozói elégedettség kulcsfontosságú a modern vállalatok sikerében, mivel befolyásolja a teljesítményt, versenyképességet és fenntarthatóságot. Az elégedettség közvetlen kapcsolatban áll a motivációval, elkötelezettséggel és közérzettel. A munkahelyi környezet, a szervezeti kultúra, a vezetési stílus és a munka-magánélet egyensúlya mind hozzájárulnak az elégedettséghez. A kutatás célja, hogy feltárja, hogyan kapcsolódnak össze ezek a tényezők és hogyan befolyásolják a dolgozói elégedettséget. 
695 |a dolgozók elégedettségi vizsgálata 
695 |a generációs különbségek 
695 |a interjúk 
695 |a irodai környezet 
695 |a kérdőíves felmérés 
700 1 |a Vágány Dr. Judit Bernadett  |e ths 
856 4 0 |u http://dolgozattar.uni-bge.hu/60071/1/Dolgoz%C3%B3i%20el%C3%A9gedetts%C3%A9g%20az%20Irodai%20k%C3%B6rnyezetben.pdf  |z Dokumentum-elérés 
856 4 0 |u http://dolgozattar.uni-bge.hu/60071/2/Szalay%20K%C3%A1rmen_EKGSz.pdf  |z Dokumentum-elérés 
856 4 0 |u http://dolgozattar.uni-bge.hu/60071/3/Szalay_Karmen_Lektori_velemeny_VJ.pdf  |z Dokumentum-elérés